[Event "TUR-ch U13/18"]
[Site "Antalya"]
[Date "2023.01.25"]
[Round "6"]
[White "Yildiz, Tunahan"]
[Black "Kargi, Mert"]
[Result "1/2-1/2"]
[WhiteElo "1792"]
[BlackElo "1653"]
[PlyCount "45"]
[EventDate "2023.01.17"]
[EventType "swiss"]
[EventRounds "10"]
[EventCountry "TUR"]
[SourceTitle "EXT 2024"]
[Source "ChessBase"]
[SourceDate "2023.10.10"]
[SourceVersion "1"]
[SourceVersionDate "2023.10.10"]
[SourceQuality "1"]

1. d4 Nf6 2. c4 e6 3. Nc3 Bb4 4. e3 c5 5. Nge2 cxd4 6. exd4 d5 7. a3 Ba5 8. c5 Nc6 9. Bg5 h6 10. Bh4 0-0 11. b4 Bc7 12. Qd2 b6 13. Nb5 Bb8 14. Nec3 bxc5 15. bxc5 e5 16. Bxf6 Qxf6 17. Nxd5 Qh4 18. Bc4 exd4 19. 0-0-0 Ba6 20. g3 Qe4 21. Rhe1 Qf3 22. Qe2 Qxe2 23. Bxe2 1/2-1/2

[Event "Wch FIDE Online U14 Europe qual"]
[Site "Tornelo INT"]
[Date "2020.12.07"]
[Round "2"]
[White "Yildiz, Tunahan"]
[Black "Razafindratsima, Timothe"]
[Result "0-1"]
[WhiteElo "1818"]
[BlackElo "2199"]
[PlyCount "83"]
[EventDate "2020.12.07"]
[EventType "swiss (rapid)"]
[EventRounds "7"]
[EventCountry "ISS"]
[SourceTitle "EXT 2022"]
[Source "ChessBase"]
[SourceDate "2021.10.06"]
[SourceVersion "1"]
[SourceVersionDate "2021.10.06"]
[SourceQuality "1"]

1. d4 Nf6 2. c4 g6 3. Nc3 d5 4. cxd5 Nxd5 5. Bd2 Bg7 6. e4 Nxc3 7. Bxc3 0-0 8. Be2 c5 9. d5 Bxc3+ 10. bxc3 e6 11. Nf3 exd5 12. exd5 Qd6 13. Qd2 a6 14. a4 Bg4 15. 0-0 Bxf3 16. Bxf3 Nd7 17. g3 b5 18. Rfb1 Rab8 19. axb5 axb5 20. Ra7 Rfd8 21. Bg2 Nf6 22. Rd1 Ne8 23. Qg5 b4 24. cxb4 cxb4 25. Ra2 Qc5 26. Rb2 Nd6 27. Rdb1 Rd7 28. Qf4 Rdb7 29. Rc1 Qb6 30. Rc6 Qa5 31. Rb1 Qa2 32. Rcc1 Rb6 33. h4 b3 34. h5 b2 35. Rd1 Qc4 36. Bf1 Qxf4 37. gxf4 Ne4 38. Rd3 Rc8 39. d6 Nxd6 40. Bg2 Rc1+ 41. Rd1 Rxd1+ 42. Rxd1 0-1

[Event "EU-ch Online U14"]
[Site "Tornelo INT"]
[Date "2020.09.20"]
[Round "9"]
[White "Madhavan, Sanjith1111"]
[Black "Yildiz, Tunahan"]
[Result "0-1"]
[WhiteElo "1424"]
[BlackElo "1818"]
[PlyCount "146"]
[EventDate "2020.09.18"]
[EventType "swiss (rapid)"]
[EventRounds "9"]
[EventCountry "NET"]
[SourceTitle "EXT 2023"]
[Source "ChessBase"]
[SourceDate "2022.10.05"]
[SourceVersion "1"]
[SourceVersionDate "2022.10.05"]
[SourceQuality "1"]
[WhiteTeam "Schottland"]
[BlackTeam "Turkey"]
[WhiteTeamCountry "SCO"]
[BlackTeamCountry "TUR"]

1. e4 c5 2. Nf3 d6 3. d4 cxd4 4. Nxd4 Nf6 5. Nc3 a6 6. g3 e5 7. Nde2 b5 8. Bg2 Bb7 9. 0-0 Nbd7 10. h3 Nb6 11. Bg5 Be7 12. Qd2 h6 13. Bxf6 Bxf6 14. b3 0-0 15. Rad1 Be7 16. Nd5 Nxd5 17. exd5 Qb6 18. Kh2 b4 19. c4 bxc3 20. Nxc3 a5 21. Na4 Qb4 22. Qxb4 axb4 23. Rc1 Ba6 24. Rfd1 Bb5 25. Bf1 Bxa4 26. bxa4 Rxa4 27. Bc4 Bg5 28. Rc2 Rc8 29. Re1 Rxc4 30. Rxc4 Rxa2 31. Kg1 b3 32. f3 b2 33. Rb4 Ra1 34. Rxb2 Rxe1+ 35. Kf2 Rd1 36. Rb8+ Kh7 37. h4 Bf6 38. Rb7 Rxd5 39. Rxf7 Ra5 40. Rd7 d5 41. f4 exf4 42. gxf4 Bxh4+ 43. Ke3 Bf6 44. f5 d4+ 45. Ke4 Re5+ 46. Kf4 Re7 47. Rd5 Bg5+ 48. Kg4 Re4+ 49. Kf3 Re3+ 50. Kf2 d3 51. Rd7 d2 52. Rxd2 Rf3+ 53. Kxf3 Bxd2 54. Kg4 Bg5 55. Kh5 Kg8 56. Kg6 Bf6 57. Kh5 Kf7 58. Kg4 Ke7 59. Kf4 h5 60. Ke4 h4 61. Kf4 Kd6 62. Ke4 h3 63. Kf3 Ke5 64. Kg3 Kxf5 65. Kxh3 g5 66. Kg3 Be5+ 67. Kf3 g4+ 68. Kg2 Kf4 69. Kf2 g3+ 70. Kg2 Kg4 71. Kh1 Kf3 72. Kg1 Bd4+ 73. Kh1 g2+ 0-1

[Event "World School-ch U13"]
[Site "Antalya"]
[Date "2019.04.23"]
[Round "6"]
[White "Kilic, Eray"]
[Black "Yildiz, Tunahan"]
[Result "1-0"]
[WhiteElo "1859"]
[BlackElo "1651"]
[PlyCount "61"]
[EventDate "2019.04.18"]
[EventType "swiss"]
[EventRounds "9"]
[EventCountry "TUR"]
[SourceTitle "CBM 190 Extra"]
[Source "ChessBase"]
[SourceDate "2019.07.15"]
[SourceVersion "1"]
[SourceVersionDate "2019.07.15"]
[SourceQuality "1"]

1. c4 c6 2. g3 d5 3. cxd5 cxd5 4. d4 Nf6 5. Bg2 Bf5 6. Nc3 e6 7. Nf3 h6 8. 0-0 Nc6 9. Bf4 Bd6 10. Ne5 0-0 11. h3 Bxe5 12. Bxe5 Nxe5 13. dxe5 Nd7 14. Qd4 f6 15. exf6 Qxf6 16. Qb4 Rab8 17. g4 Bg6 18. f4 a5 19. Qd6 Rbd8 20. Rad1 Kh8 21. f5 exf5 22. Rxd5 Qg5 23. Qf4 Qf6 24. Rd6 Qf7 25. Bd5 Qe8 26. Re6 Qf7 27. g5 hxg5 28. Qxg5 Nf6 29. Bb3 Bh7 30. Rf4 Qc7 31. Rh4 1-0

[Event "World School-ch U13"]
[Site "Antalya"]
[Date "2019.04.22"]
[Round "5"]
[White "Yildiz, Tunahan"]
[Black "Taspinar, Yanki"]
[Result "1/2-1/2"]
[WhiteElo "1651"]
[BlackElo "1879"]
[PlyCount "61"]
[EventDate "2019.04.18"]
[EventType "swiss"]
[EventRounds "9"]
[EventCountry "TUR"]
[SourceTitle "CBM 190 Extra"]
[Source "ChessBase"]
[SourceDate "2019.07.15"]
[SourceVersion "1"]
[SourceVersionDate "2019.07.15"]
[SourceQuality "1"]

1. d4 d5 2. c4 e6 3. Nc3 c6 4. e4 dxe4 5. Nxe4 Bb4+ 6. Bd2 Qxd4 7. Bxb4 Qxe4+ 8. Be2 Na6 9. Ba5 b6 10. Bc3 f6 11. Qd6 Bd7 12. 0-0-0 0-0-0 13. Qa3 Kb7 14. Bf3 Qf4+ 15. Rd2 Nh6 16. g3 Qc7 17. Ne2 e5 18. Rhd1 Nb8 19. Bb4 Bg4 20. Bd6 Rxd6 21. Rxd6 Bxf3 22. Qxf3 Nf7 23. R6d2 Rd8 24. Rxd8 Nxd8 25. Qd3 Ne6 26. Qxh7 c5 27. Qe4+ Nc6 28. Qd5 Ned4 29. Nxd4 cxd4 30. Kd2 Qe7 31. a3 1/2-1/2